000 00597nam a2200217Ii 4500
001 13418
003 CO-ViMGA
008 241108s9999||||xx |||||||||||||| ||und||
020 _a9509002364
040 _aCO-ViMGA
_bspa
_erda
_cCO-ViMGA
041 0 _aspa
082 0 4 _aF.FC 813 -B118
100 1 _aRichard Bach
_951658
245 1 0 _aJuan Salvador gaviota
264 1 _aSantiago, Chile : Pomaire, 1984
300 _avolumen
336 _atext
_btxt
_2rdacontent
337 _aunmediated
_bn
_2rdamedia
338 _avolume
_bnc
_2rdacarrier
940 _aidficha_siabuc: 13120. -- ficha_no_siabuc:13418
999 _c46390
_d46390